| 000 | 01165nam a2200289 a 4500 | ||
|---|---|---|---|
| 001 | vtls001482317 | ||
| 003 | NLI | ||
| 005 | 20210627132544.0 | ||
| 008 | 121207m1979uuuudcu f000 0 eng | ||
| 039 | 9 |
_y201212071744 _zVLOAD |
|
| 040 |
_aNLI _beng _cDatasoft_FOD _eAACR2 |
||
| 041 | 0 | _aeng | |
| 044 | _a dcu | ||
| 082 | 0 | 4 | _a 333.9140973 |
| 110 | 1 |
_aUnited States. _bCongress. _bSenate. _bCommittee on Appropriations. _bSubcommittee on Energy and Water Development _9715899 |
|
| 245 | 1 | 0 |
_aEnergy and water development appropriations for fiscal year 1980 : _bhearings before a Subcommittee of the Committee on Appropriations, United States Senate, Ninety-sixth Congress, first session |
| 260 |
_aWashington, D. C. : _bU.S. Government Printing Office, _c1979- |
||
| 300 |
_aVarious pagings ; _c24 cm. |
||
| 650 | 0 |
_aWater resources development _zUnited States _xFinance _9711723 |
|
| 650 | 0 |
_aPower resources _zUnited States _xFinance _9712293 |
|
| 651 | 0 |
_aUnited States _xAppropriations and expenditures, 1980 _9726519 |
|
| 887 | _a | ||
| 901 |
_aAD 90268 _b21.08.2010 |
||
| 902 | _aU.S 333.9140973 Un 3 | ||
| 904 | _lC 9821 | ||
| 999 |
_aVIRTUA40 _c932829 _d932829 |
||
| 942 |
_2ddc _cBKS |
||